书目信息 |
| 题名: |
江南女校与江南社会
|
|
| 作者: | 徐宁 著 | |
| 分册: | ||
| 出版信息: | 上海 上海人民出版社 2015.11 |
|
| 页数: | 296页 | |
| 开本: | 24cm | |
| 丛书名: | 江南社会历史研究丛书 | |
| 单 册: | ||
| 中图分类: | G529.52 | |
| 科图分类: | ||
| 主题词: | 女性--教育史--研究--华东地区--1850-1937 | |
| 电子资源: | ||
| ISBN: | 978-7-208-13326-6 | |
| 000 | 01048oam2 2200265 450 | |
| 001 | 0120151712154 | |
| 005 | 20160606170700.35 | |
| 010 | @a978-7-208-13326-6@dCNY50.00 | |
| 100 | @a20151211d2015 em y0chiy50 ea | |
| 101 | 0 | @achi |
| 102 | @aCN@b310000 | |
| 105 | @aak z 000yy | |
| 106 | @ar | |
| 200 | 1 | @a江南女校与江南社会@9jiang nan nv xiao yu jiang nan she hui@e1850-1937年@f徐宁著 |
| 210 | @a上海@c上海人民出版社@d2015.11 | |
| 215 | @a296页@c图@d24cm | |
| 225 | 2 | @a江南社会历史研究丛书 |
| 330 | @a本书以社会控制为主要研究视角,以近代江南女校生存拓展的历史脉络为基本线索,深入分析江南女校如何在时代契机下获得自身发展,如何通过相应的社会控制手段来规范和引导了以女学生为主的相关人群的思想行为,从而对江南社会的日常生活、伦理道德、经济生产、政治活动等。全书共分为四章。 | |
| 333 | @a一般读者 | |
| 461 | 0 | @12001 @a江南社会历史研究丛书 |
| 606 | 0 | @a女性@x教育史@x研究@y华东地区@z1850-1937 |
| 690 | @aG529.52@v5 | |
| 701 | 0 | @a徐宁@9xu ning@f(1978-)@4著 |
| 801 | 0 | @aCN@b人天书店@c20151211 |
| 905 | @b878596-601@dG529.52@e209@f6 | |
| 江南女校与江南社会:1850-1937年/徐宁著.-上海:上海人民出版社,2015.11 |
| 296页:图;24cm.-(江南社会历史研究丛书) |
| 使用对象:一般读者 |
| ISBN 978-7-208-13326-6:CNY50.00 |
| 本书以社会控制为主要研究视角,以近代江南女校生存拓展的历史脉络为基本线索,深入分析江南女校如何在时代契机下获得自身发展,如何通过相应的社会控制手段来规范和引导了以女学生为主的相关人群的思想行为,从而对江南社会的日常生活、伦理道德、经济生产、政治活动等。全书共分为四章。 |
| ● |
| 相关链接 |
|
|
|
|
正题名:江南女校与江南社会
索取号:G529.52/209
 
预约/预借
| 序号 | 登录号 | 条形码 | 馆藏地/架位号 | 状态 | 备注 |
| 1 | 878596 | 208785965 | 第一样本阅览室/ [索取号:G529.52/209] | 在馆 | |
| 2 | 878597 | 208785974 | 教育系资料室/ [索取号:G529.52/209] | 在馆 | |
| 3 | 878598 | 208785983 | 教育系资料室/ [索取号:G529.52/209] | 在馆 | |
| 4 | 878599 | 208785992 | 教育系资料室/ [索取号:G529.52/209] | 在馆 | |
| 5 | 878600 | 208786009 | 第四借阅区/ [索取号:G529.52/209] | 在馆 | |
| 6 | 878601 | 208786018 | 第四借阅区/ [索取号:G529.52/209] | 在馆 |